| 000 | 00806nam a22002297a 4500 | ||
|---|---|---|---|
| 005 | 20171118155248.0 | ||
| 008 | 090109t xxu||||| |||| 00| 0urd d | ||
| 010 | _aUR-9470 | ||
| 020 |
_c200.00 _a9789350737613 |
||
| 035 | _aU-8025 | ||
| 037 | _bDBAD/PUB | ||
| 040 |
_aDPL _burdu |
||
| 082 | _a841 | ||
| 100 | _aہنر ر سو ل پو ر ی | ||
| 245 |
_aچل مد ينے کی طر ف _cہنر ر سو ل پو ر ی |
||
| 246 |
_aDafeena Pahar ka(poetry) _bBy Meraj Ahmad Meraj |
||
| 260 |
_aDelhi _bEducational Publishing House _c2016 |
||
| 270 |
_a3191,Vakil Street, Kucha Pandit, Lal Kuan, _bDelhi _e110006 _k23216162 |
||
| 300 |
_a160ص _c22 cm(hb) |
||
| 700 |
_954088 _aتر تیب و تہز یب : محمد فہیم ا ختر ند و ی |
||
| 942 |
_2ddc _cUR _h 841 _mہ ن ر |
||
| 999 |
_c103038 _d103038 |
||